000 00749nam a22002537a 4500
001 32702
003 UA-OsUOA
005 20201224220928.0
007 ta
008 20050209b un ||||| |||| 00| 0 ukr d
040 _aUA-OsUOA
_brus
_cUA-OsUOA
_dUA-OsUOA
041 _arus
044 _aRU
080 _a821.133.1
090 _a821.133.1
_bЗ-81
100 _aЗоля Э.
245 _aТереза Ракен: Жерминаль
_cвступ. статья С. Брахман
260 _aМосква
_bХудожественная литература
_c1975
300 _a616 с.
_bІлюстрації
650 7 _2UDC
942 _cBK
_2udc
955 _a0
999 _c319153
_d319153